Two Missing Triples Quiz Stats

 Plays Quiz Updated Dec 21, 2018

Also try: Triple Homophones
Challenge
Share
Tweet
Score 0/30 Timer 07:00
2 Plays Today
Word Answer % Correct
STOM③③Estomachache
93.6%
③RTYSOME③NGthirtysomething
92.2%
③PSI③Rstepsister
92%
③HE③ICSmathematics
89.1%
③-TO③HERget-together
87.9%
③ACAD③Aabracadabra
87.9%
PH③M③Nphenomenon
85%
ALBU③R③Albuquerque
81.8%
W③RG③Watergate
80.9%
C③BO③cardboard
80.8%
A③D③TSamendments
78.8%
③③NATICincinnati
78.1%
CHI③③chihuahua
71.7%
SEV③E③Hseventeenth
69.5%
③ERGRO③underground
65.7%
Word Answer % Correct
INS③③EOUSinstantaneous
64.6%
③-HAI③red-haired
63.4%
③LADEL③APhiladelphia
62.8%
NO③③nonsense
61.9%
③DS③THWordsworth
61.6%
③ET③Kracetrack
60.5%
U③RHA③Dunderhanded
56.2%
INT③P③Eintersperse
55.3%
③S③RUSphosphorus
53.9%
M③T③maintain
51.5%
③IZAT③ionization
50.7%
INGR③③NGingratiating
42.4%
CO③③Dcontented
25.9%
③ROCOS③microcosmic
23%
③ST③IUMeinsteinium
19.5%

You're not logged in!

Compare scores with friends on all Sporcle quizzes.
OR
Log In

You Might Also Like...

Show Comments

Extras

Top Quizzes Today


Score Distribution

Your Account Isn't Verified!

In order to create a playlist on Sporcle, you need to verify the email address you used during registration. Go to your Sporcle Settings to finish the process.

Report this User

Report this user for behavior that violates our Community Guidelines.

Details: